000 01534nam0a22002651 4500
001 rc\3480095
005 20130115140410.7
021 _aRU
_b[71-12051]
035 _a(NLR Aleph) 007601292
090 _a5717108
_c5717108
100 _a20130115d1971 |||y0rusy50 ca
101 0 _arus
102 _aRU
105 _ay z |||a|
200 1 _aЕще одна жизнь
_eРассказы
210 _aКишинев
_cКартя молдовеняскэ
_d1971
215 _a164 с.
_d17
327 1 _aСодерж.: Вороны и собаки; Дед Захарий; Еще одна жизнь; Селькор Василий; Разуваев; Лагодехи; Студенты; Женька-актер; Адочка Лосева; Над Волгой; Отпуск на озере; Воскресный день в Еванове; К поездам; Белый дым; Назарыч; Ранним утром
464 0 _12001#$aВороны и собаки$aДед Захарий$aЕще одна жизнь$aСелькор Василий$aРазуваев$aЛагодехи$aСтуденты$aЖенька-актер$aАдочка Лосева$aНад Волгой$aОтпуск на озере$aВоскресный день в Еванове$aК поездам$aБелый дым$aНазарыч$aРанним утром
700 1 _aНемчинов
_bГ. А.
_f1935-
_gГеннадий Андреевич
801 0 _aRU
_bNLR
_gpsbo
801 1 _aRU
_bELAR
_2rusmarc
852 _aNLR
_j71-2/365
942 _cBOOK
980 _aNB